MVP de tournois Counter Strike #1 - Statistiques

Statistiques générales
  • Ce quiz a été pris 81 fois
  • Le résultat moyen est 8 sur 16
Statistiques - réponses
Année Tournois Equipe Gagnante MVP % Correct
2023 IEM Rio Vitality ZywOo
84%
2024 IEM Katowice Team Spirit donK
74%
2022 ESL Pro League S15 FaZe ropz
68%
2022 Blast World Finals G2 m0nesy
66%
2024 YaLLa Compass The Mongolz 910
63%
2023 IEM Sydney FaZe rain
53%
2023 IEM Katowice G2 huNter-
52%
2024 ESL Pro League S19 MOUZ ZywOo
50%
2025 PGL Bucharest Falsons degster
42%
2023 ESL Pro League S18 MOUZ torzsi
39%
2023 ESL Challenger Atlanta Virtus.pro Fame
35%
2021 Blast Spring Finals Gambit HObbit
31%
2021 IEM Dallas Cloud9 Ax1Le
29%
2025 PGL Cluj-Napoca MOUZ niko
29%
2021 IEM Fall EU Ninjas in Pyjamas device
27%
2021 Flashpoint 3 MOUZ frozen
19%
Aucun quiz correspondant
Distribution des résultats
% des personnes avec chaque résultat
Percentile par nombre de réponses
Votre historique - résultats
Vous n’avez pas pris ce quiz